Language of vision

Salvato in:
Dettagli Bibliografici
Autore principale: Kepes, Gyorgy (Autore)
Natura: Libro
Lingua:inglese
Pubblicazione: Chicago Paul Theobald 1967
Soggetti:
Tags: Aggiungi Tag
Nessun Tag, puoi essere il primo ad aggiungerne!!

MARC

LEADER 00000nam a2200000 a 4500
001 UCY2779
003 CL-VaPUC
008 941116e19670000US |||||||||||||||||eng|d
082 0 4 |a 709.04  |b KEP  |2 21 
100 |a Kepes, Gyorgy  |e author  |9 554559 
245 1 0 |a Language of vision 
300 |a 228 p 
942 |c BK 
945 |d 19941116 00:00:00  |a mfernand 
260 |a Chicago  |b Paul Theobald  |c 1967 
650 0 |a Arte moderno   |y Siglo 20   |9 265274 
650 0 |a Artes gráficas  |9 265865 
583 |a last modification  |c 19941116 00:00:00  |k Rodrigo Vera 
999 |c 231102  |d 231100 
952 |0 0  |1 0  |4 0  |6 709_040000000000000_KEP_1967  |7 0  |8 P  |9 233936  |a BIBARQ  |b BIBARQ  |d 2019-11-15  |i 3033821  |o 709.04 KEP 1967  |p 3033821  |r 2025-01-20  |w 2019-11-15  |y BK  |k ARQ